000 00626nam a2200241Ia 4500
003 OSt
005 20220918224220.0
006 a|||||r|||| 00| 0
007 ta
008 220917b |||||||| |||| 00| 0 eng d
024 _a227,230
037 _cTextual
040 _aARTS
_cARTS
_beng
041 _2eng
_aeng
082 _aQ2, P4
100 _aRam Gopal
245 0 _aHindu renaissance
_b ways & means
260 _aNew Delhi
_bHindu Writers Forum
_c2004
300 _a121p.
_ccm.
700 _a Paliwal K.V.
_9147497
942 _hQ2, P4
_cTEXL
_2CC
999 _c280597
_d280597